Normale Ansicht MARC-Ansicht ISBD

Writing Europe in Renaissance France : (Titelsatznr. 71070)

[ MARC ]
MARC-Details
000 -Satzkennung
Kontrollfeld mit fester Länge 01827nam a22003733i 4500
001 - Kontrollnummer
Kontrollfeld EBC31174663
003 - Kontrollnummer Identifier
Kontrollfeld MiAaPQ
005 - Datum und Zeit der letzten Transaktion
Kontrollfeld 20240514124103.0
007 - Feld mit fester Länge zur physischen Beschreibung - Allgemeine Information
Kontrollfeld mit fester Länge cr cnu||||||||
008 - Feld mit fester Länge zur physischen Beschreibung - Allgemeine Angaben
Kontrollfeld mit fester Länge 240514s2024 xx o ||||0 eng d
020 ## - Internationale Standardbuchnummer
Internationale Standardbuchnummer 9781399522632
Nähere Angaben (electronic bk.)
020 ## - Internationale Standardbuchnummer
Gelöschte/ungültige ISBN 9781399522618
040 ## - Katalogisierungsquelle
Original-Katalogisierungsstelle MiAaPQ
Katalogisierungssprache eng
Übertragungsstelle MiAaPQ
100 1# - Haupteintragung - Personenname
Personenname Oddy, Niall.
Koha-Normdatenidentnummer 63533
245 10 - Titel
Titel Writing Europe in Renaissance France :
Zusatz zum Titel Travels in Reality and Imagination.
250 ## - Ausgabebezeichnung
Ausgabebezeichnung 1st ed.
264 #1 - Produktion, Veröffentlichung, Distribution, Herstellung und Urheberrechtsvermerk
Herstellungs-, Veröffentlichungs- Vertriebs-, Erzeugungsort Edinburgh :
Produzent, Herausgeber, Distributor, Hersteller Edinburgh University Press,
Datum der Herstellung, der Veröffentlichung, des Vertriebs oder des Urheberschutzvermerks 2024.
264 #4 - Produktion, Veröffentlichung, Distribution, Herstellung und Urheberrechtsvermerk
Datum der Herstellung, der Veröffentlichung, des Vertriebs oder des Urheberschutzvermerks ©2024.
300 ## - Physische Beschreibung
Umfang 1 online resource (178 pages)
336 ## - Inhaltstyp
Inhaltstypterm Text
Inhaltstypcode txt
Quelle rdacontent
337 ## - Medientyp
Bezeichnung des Medientyps Computermedien
Medientypcode c
Quelle rdamedia
338 ## - Datenträgertyp
Datenträgertypbezeichnung Online Resource
Datenträgertypcode cr
Quelle rdacarrier
490 1# - Gesamttitelangabe
Gesamttitelangabe Edinburgh Critical Studies in Renaissance Culture Series
500 ## - Allgemeine Fußnote
Allgemeine Fußnote E-Book-ProQuest / Fernzugriff nach Registrierung möglich
505 0# - Fußnote zu strukturierten Inhaltsangaben
Fußnote zu strukturierten Inhaltsangaben Cover -- Half Title -- Series Page -- Title Page -- Copyright -- Contents -- Acknowledgements -- Series Editors' Preface -- Introduction: Europe in Renaissance France -- 1. Bird's-Eye Views -- 2. Views from Brazil -- 3. Views from Constantinople -- 4. Views from Malta -- 5. Views from Geneva -- Conclusion: Writing Europe, Writing France -- Bibliography -- Index.
520 ## - Fußnote zu Zusammenfassungen usw.
Fußnote zur Zusammenfassung usw. No detailed description available for "Writing Europe in Renaissance France".
655 ## - Indexierungsterm - Genre/Form
Genre/Form oder fokussierter Term Fernzugriff
Koha-Normdatenidentnummer 230
655 #4 - Indexierungsterm - Genre/Form
Genre/Form oder fokussierter Term
776 08 - Andere physische Form
Verweisungsphrase Print version:
Haupteintragung Oddy, Niall
Titel Writing Europe in Renaissance France
Ort, Verlag und Erscheinungsjahr Edinburgh : Edinburgh University Press,c2024
Internationale Standardbuchnummer 9781399522618
830 #0 - Nebeneintragung unter dem Gesamttitel - Einheitstitel
Einheitstitel Edinburgh Critical Studies in Renaissance Culture Series
Koha-Normdatenidentnummer 63534
856 40 - Elektronische Adresse und Zugriff
URL <a href="https://ebookcentral.proquest.com/lib/maxweberstiftung-ebooks/detail.action?docID=31174663">https://ebookcentral.proquest.com/lib/maxweberstiftung-ebooks/detail.action?docID=31174663</a>
OPAC-Notiz Volltext
942 ## - Zusätzliche Felder (Koha)
Koha-Medientyp E-Books
Exemplare
Ausgeschieden Verloren Klassifikation oder Aufstellungssystematik Beschädigt Nicht entleihbar Heimatbibliothek Aufenthaltsbibliothek Aufstellungsort Erwerbungsdatum Inventarnummer Signatur Barcode Letzte Aktivität Preis gültig von Koha-Medientyp
    Andere/Generische Klassifikation     MWN Osteuropa MWN Osteuropa Online-Ressource 14/05/2024 24-e00811 E-24-e00811 73963 14/05/2024 14/05/2024 E-Books